• 首页
  • 本馆介绍
  • 公告通知
  • 最新文献
  • 馆藏检索
  • 电子资源
  • 读者导购
  • 参考咨询
  • 我的图书馆
  • 登录
  • 详细信息显示
  • 放入我的书架
  • 预约/预借图书
  • 作者相关作品
  • 分类相关作品
  • 丛书相关作品
  • 出版社相关作品

书目信息

  • 表格格式
  • 工作单格式
  • 卡片格式
题名:
财政热点面对面
    
 
作者: 余丽生 著
分册:  
出版信息: 北京   经济科学出版社  2014
页数: 192页
开本: 24cm
丛书名:
单 册:
中图分类: F812.0
科图分类:
主题词: 财政政策--研究--中国 , 财政政策
电子资源:
ISBN: 978-7-5141-3917-4
000 00891nam0 2200253 450
001 523
005 20140909101506.92
010    @a978-7-5141-3917-4@dCNY32.00
100    @a20140212d2014 em y0chiy50 ea
101 0  @achi
102    @aCN@b110000
105    @ay z 000yy
106    @ar
200 1  @a财政热点面对面@ACai Zheng Re Dian Mian Dui Mian@dFace to face in fiscal and economic issues@f余丽生著@FYu Li Sheng Zhu@zeng
210    @a北京@c经济科学出版社@d2014
215    @a192页@d24cm
330    @a本书围绕当前财政工作中的热点、国家制定和出台的财政政策、地方财政改革和发展的创新等方面的问题,进行全方位的研究和思考。
510 1  @aFace to face in fiscal and economic issues@zeng
606 0  @a财政政策@x研究@y中国
606 0  @a财政政策
690    @aF812.0@v5
701  0 @a余丽生@AYu Li Sheng@f(1967~)@4著
801  0 @aCN@bTANGWEI@c20140603
905    @b0840545-47@dF812.0@e63@f3
    
    财政热点面对面=Face to face in fiscal and economic issues/余丽生著.-北京:经济科学出版社,2014
    192页;24cm
    
    
    ISBN 978-7-5141-3917-4:CNY32.00
    本书围绕当前财政工作中的热点、国家制定和出台的财政政策、地方财政改革和发展的创新等方面的问题,进行全方位的研究和思考。
●
相关链接 在E读中查询图书 在五车中查询图书 在当当中查询图书 在豆瓣中查询图书


正题名:财政热点面对面     索取号:F812.0/63         预约/预借

序号 登录号 条形码 馆藏地/架位号 状态 备注
1 0840545   208405457   第一样本阅览室/ [索取号:F812.0/63] 在馆    
2 0840546   208405466   第一借阅区/ [索取号:F812.0/63] 在馆    
3 0840547   208405475   密集书库-海洋学院/ [索取号:F812.0/63] 在馆    
唐山师范学院图书馆 欢迎您!
大连网信软件有限公司© 版权所有